|
|
|
|
| LEADER |
00000nam2a2200000 4500 |
| 001 |
307055 |
| 005 |
20231102001944.0 |
| 035 |
|
|
|a (RuTPU)RU\TPU\book\332347
|
| 035 |
|
|
|a RU\TPU\book\325748
|
| 090 |
|
|
|a 307055
|
| 100 |
|
|
|a 20151015d1983 k y0rusy50 ca
|
| 101 |
0 |
|
|a rus
|
| 102 |
|
|
|a RU
|
| 105 |
|
|
|a a z 001zy
|
| 200 |
0 |
|
|a Т. 24 : Астрофизика и космическая физика (астрофизика высоких энергий и космогония)
|f под ред. Р. А. Сюняева
|
| 210 |
|
|
|d 1983
|
| 215 |
|
|
|a 291 с.
|c ил.
|
| 320 |
|
|
|a Библиография в конце обзоров
|
| 461 |
|
1 |
|0 (RuTPU)RU\TPU\book\272671
|t Астрономия
|f Академия наук СССР (АН СССР), Всесоюзный институт научной и технической информации (ВИНИТИ)
|v Т. 24 : Астрофизика и космическая физика (астрофизика высоких энергий и космогония)
|d 1965-
|s Астрономия
|
| 606 |
1 |
|
|a Астрономия
|2 stltpush
|3 (RuTPU)RU\TPU\subj\29567
|9 52865
|
| 606 |
1 |
|
|a Астрофизика
|2 stltpush
|3 (RuTPU)RU\TPU\subj\29580
|9 52873
|
| 610 |
1 |
|
|a космическая физика
|
| 610 |
1 |
|
|a высокие энергии
|
| 610 |
1 |
|
|a космогония
|
| 610 |
1 |
|
|a Солнечная система
|
| 610 |
1 |
|
|a происхождение
|
| 610 |
1 |
|
|a космические лучи
|
| 610 |
1 |
|
|a гамма-астрономия
|
| 610 |
1 |
|
|a феноменологические модели
|
| 610 |
1 |
|
|a ядра
|
| 610 |
1 |
|
|a Галактика
|
| 675 |
|
|
|a 52
|v 3
|
| 675 |
|
|
|a 52:53
|v 3
|
| 702 |
|
1 |
|a Сюняев
|b Р. А.
|4 340
|
| 801 |
|
1 |
|a RU
|b 63413507
|c 20060417
|g PSBO
|
| 801 |
|
2 |
|a RU
|b 63413507
|c 20190909
|g PSBO
|
| 942 |
|
|
|c BK
|